000 00579nam a2200241 a 4500
001 nice12345678
003 IN_TiNIC
005 20260116012616.0
008 050524s1953 lona grp 000 0 eng
020 _a
_c100
082 0 0 _a230
_bHIC2
100 _aHicks, F C N
245 _aFullness of Sacrifice
_b and Essay in Reconciliation
260 _aLondon
_bSpck
_c1953
300 _a370p
500 _aincludes index and biblioraphy
505 2 _aIndex
650 _aTheology-Sacrifice
700 1 _aHicks, F C N
902 _bSRS
942 _cBK
999 _c7655
_d7655